| 000 | 00449nam a22001817a 4500 | ||
|---|---|---|---|
| 003 | NUST - PNEC | ||
| 005 | 20170116180817.0 | ||
| 008 | 150609b xxu||||| |||| 00| 0 eng d | ||
| 040 | _cLIBRARY | ||
| 082 | _a510 YUS | ||
| 100 |
_93771 _aYusuf, S.M. |
||
| 245 |
_aMathematical Methods _cS.M. Yusuf |
||
| 250 | _a2nd ed | ||
| 260 |
_aLahore _bIlmi Kitab Khana _cc2000. |
||
| 300 | _a554 p. : | ||
| 650 |
_93777 _aMathematics _xME |
||
| 942 |
_2ddc _cBK |
||
| 999 |
_c63582 _d63582 |
||